| 000 | 00519nam a2200169Ia 4500 | ||
|---|---|---|---|
| 999 |
_c17415 _d17415 |
||
| 082 | _a307.72095493 PER-; | ||
| 100 | _aPerera, Jayantha | ||
| 245 | 0 | _aNew dimensions of social stratification in rural Sri Lanka | |
| 260 |
_aColombo _bLake House Investments _c1983 |
||
| 300 | _a211p. | ||
| 650 | _aSocial stratification - Sri Lanka | ||
| 650 | _aSocial status - Sri Lanka | ||
| 650 | _aSri Lanka - Rural conditions | ||
| 650 | _aSocial classes - Sri Lanka | ||
| 650 | _aSri Lanka - Social conditions | ||
| 942 | _cBK | ||